Great North Battle 2025 (Beatbox) - Statistics

General Stats
  • This quiz has been taken 6 times
  • The average score is 14 of 56
Answer Stats
Hint Answer % Correct
Judges BizKit ๐Ÿ‡บ๐Ÿ‡ธ
100%
Champion King Inertia ๐Ÿ‡บ๐Ÿ‡ธ
100%
Dropped Vino ๐Ÿ‡จ๐Ÿ‡ฆ
100%
Vino ๐Ÿ‡จ๐Ÿ‡ฆ
100%
Judges DEN ๐Ÿ‡จ๐Ÿ‡ฆ
67%
DEN ๐Ÿ‡จ๐Ÿ‡ฆ
67%
Top 8 ALBO ๐Ÿ‡ฎ๐Ÿ‡น
33%
Top 8 BIGSQUID ๐Ÿ‡จ๐Ÿ‡ฆ
33%
Dropped BlackRoll ๐Ÿ‡ฎ๐Ÿ‡น
33%
Vice Champions Blue Mountain Beatbox ๐Ÿ‡จ๐Ÿ‡ฆ
33%
Chris Celiz ๐Ÿ‡บ๐Ÿ‡ธ
33%
Chris Celiz ๐Ÿ‡บ๐Ÿ‡ธ
33%
Chris Celiz ๐Ÿ‡บ๐Ÿ‡ธ
33%
CiMaX ๐Ÿ‡จ๐Ÿ‡ฆ
33%
Champion Duncan ๐Ÿ‡ญ๐Ÿ‡ฐ
33%
Champions Forest Fire ๐Ÿ‡บ๐Ÿ‡ธ
33%
Gene Shinozaki ๐Ÿ‡บ๐Ÿ‡ธ
33%
Judges Gene Shinozaki ๐Ÿ‡บ๐Ÿ‡ธ
33%
3rd Place Graycloud ๐Ÿด๓ ง๓ ข๓ ท๓ ฌ๓ ณ๓ ฟ
33%
3rd Place HY Twins ๐Ÿ‡ญ๐Ÿ‡ฐ
33%
Top 16 JordoX ๐Ÿ‡จ๐Ÿ‡ฆ๐Ÿ‡ฒ๐Ÿ‡ฝ
33%
JordoX ๐Ÿ‡จ๐Ÿ‡ฆ๐Ÿ‡ฒ๐Ÿ‡ฝ
33%
Dropped Kingdom ๐Ÿ‡บ๐Ÿ‡ธ
33%
Vice Champion Match ๐Ÿ‡บ๐Ÿ‡ธ
33%
Match ๐Ÿ‡บ๐Ÿ‡ธ
33%
3rd Place Mikah ๐Ÿ‡บ๐Ÿ‡ธ
33%
Plant ๐Ÿ‡บ๐Ÿ‡ธ
33%
Scribbly Doodle ๐Ÿ‡จ๐Ÿ‡ฆ
33%
Dropped Shield ๐Ÿ‡บ๐Ÿ‡ธ
33%
4th Place stan ๐Ÿ‡ง๐Ÿ‡ช
33%
Dropped The Wookiez ๐Ÿ‡จ๐Ÿ‡ฆ
33%
Dropped Waali ๐Ÿ‡จ๐Ÿ‡ฑ
33%
Dropped Xiphire ๐Ÿ‡จ๐Ÿ‡ฑ
33%
Dropped 282 A.M. ๐Ÿ‡น๐Ÿ‡ผ
0%
Austin28 ๐Ÿ‡น๐Ÿ‡ผ
0%
Colin ๐Ÿ‡ญ๐Ÿ‡ฐ
0%
Top 8 Conundrum ๐Ÿ‡บ๐Ÿ‡ธ
0%
Eliminated Dave Flame ๐Ÿ‡บ๐Ÿ‡ธ
0%
Top 16 Gary ๐Ÿ‡น๐Ÿ‡ผ
0%
Gordon ๐Ÿ‡ญ๐Ÿ‡ฐ
0%
Top 16 JPN ๐Ÿ‡จ๐Ÿ‡ฆ
0%
Vice Champion Jsanch ๐Ÿ‡บ๐Ÿ‡ธ
0%
Eliminated Justin ๐Ÿ‡จ๐Ÿ‡ฆ๐Ÿ‡ฐ๐Ÿ‡ท
0%
4th Place KFP ๐Ÿ‡จ๐Ÿ‡ฆ๐Ÿ‡ฏ๐Ÿ‡ต
0%
Eliminated Lake ๐Ÿ‡จ๐Ÿ‡ฆ
0%
Top 16 Malooch ๐Ÿ‡บ๐Ÿ‡ธ
0%
Top 16 Mike SD ๐Ÿ‡จ๐Ÿ‡ฆ
0%
MIL ๐Ÿ‡น๐Ÿ‡ผ
0%
Dropped Milky ๐Ÿ‡ฌ๐Ÿ‡ง
0%
Dropped Neon ๐Ÿ‡ง๐Ÿ‡ท๐Ÿ‡ฏ๐Ÿ‡ต
0%
Top 16 Octo ๐Ÿ‡จ๐Ÿ‡ฆ
0%
Rime ๐Ÿ‡จ๐Ÿ‡ฆ
0%
Top 16 Toshiya ๐Ÿ‡ฏ๐Ÿ‡ต
0%
Eliminated TwoBears ๐Ÿ‡บ๐Ÿ‡ธ
0%
Top 8 Xepher ๐Ÿ‡บ๐Ÿ‡ธ
0%
Top 16 YAO ๐Ÿ‡ญ๐Ÿ‡ฐ
0%
No matching quizzes found
Score Distribution
Percent of People with Each Score
Percentile by Number Answered
Your Score History
You have not taken this quiz